logo

Bir Sreshtho Munshi Abdur Rouf Library
Jhenaidah Cadet College

The novel in Russia : (Record no. 10957)

MARC details
000 -LEADER
fixed length control field 00535nam a2200205 a 4500
001 - CONTROL NUMBER
JCCL Control Number 10957
003 - CONTROL NUMBER IDENTIFIER
JCCL marc code BD-JhCC
005 - DATE AND TIME OF LATEST TRANSACTION
control field 20190706115607.0
008 - FIXED-LENGTH DATA ELEMENTS--GENERAL INFORMATION
fixed length control field 190706s1964 uk |||| |||| 000 0 eng d
035 ## - SYSTEM CONTROL NUMBER
system control number (BD-JhCC)10957
040 ## - CATALOGING SOURCE
Original cataloging agency BD-JhCC
Modifying agency BD-JhCC
041 ## - LANGUAGE CODE
Language code of Book eng
082 ## - DEWEY DECIMAL CLASSIFICATION NUMBER
Classification number 840
Author mark and Year GIF 1964
100 ## - MAIN ENTRY--PERSONAL NAME
Personal name Gifford, Henry
245 ## - TITLE STATEMENT
Title The novel in Russia :
Remainder of title from Pushkin to Pasternak /
Statement of responsibility, etc Henry Gifford,
260 ## - PUBLICATION, DISTRIBUTION, ETC. (IMPRINT)
Place of publication, distribution, etc London :
Name of publisher, distributor, etc Hutchinson,
Date of publication, distribution, etc 1964
300 ## - PHYSICAL DESCRIPTION
Pagination 208 p. :
Dimensions 19 cm.
650 ## - SUBJECT ADDED ENTRY--TOPICAL TERM
Topical term or geographic name as entry element Novel
Geographic subdivision Russia
942 ## - ADDED ENTRY ELEMENTS (KOHA)
Source of classification or shelving scheme Dewey Decimal Classification
Koha item type Books
Holdings
Source of classification or shelving scheme Damaged status Not for loan Home library Current library Shelving location Date of accession Total Checkouts Full call number Barcode Date last seen Copy number Koha item type
Dewey Decimal Classification     JCC Rouf Library JCC Rouf Library General Stacks 06/01/2018   840 GIF 1964 12476 07/06/2019 C-1 Books

JCC Library | Contacts | JCC Home

Last Update on 23 September 2017
Copyright @ 2017-2020 JCC Rouf Library
Rouf Library, Jhenidah Cadet College (JCC), Bangladesh